Baseball Player Jumbotron Art Quiz Stats

Quiz not verified by Sporcle

Score 0/33 Timer 05:00
0 Plays Today
% Correct
Reggie Jackson
98.8%
Cal Ripken, Jr
97.7%
Nolan Ryan
93.2%
Rollie Fingers
91.4%
Ozzie Smith
90.9%
George Brett
90.4%
Kirby Puckett
88.6%
Wade Boggs
88.1%
Johnny Bench
87.4%
Don Mattingly
86.8%
Willie Stargell
85.4%
Dennis Eckersley
82.6%
Carlton Fisk
81.9%
Mike Schmidt
80.5%
Dave Winfield
80.4%
Keith Hernandez
80.4%
Gary Carter
77.9%
% Correct
Robin Yount
77.5%
Fernando Valenzuela
76.8%
Darryl Strawberry
76.5%
Eddie Murray
75.8%
Andre Dawson
72.8%
Steve Garvey
70%
José Canseco
69.8%
Harold Baines
67%
Kirk Gibson
61.4%
Catfish Hunter
61.2%
Bruce Sutter
60.2%
Mark 'The Bird' Fidrych
52.8%
Gaylord Perry
45.8%
Oscar Gamble
43.3%
Don Sutton
41.9%
Bill 'Spaceman' Lee
41.2%

You're not logged in!

Compare scores with friends on all Sporcle quizzes.
Sign Up with Email
OR
Log In

You Might Also Like...

Show Comments

Extras

Top Quizzes Today


Score Distribution

Your Account Isn't Verified!

In order to create a playlist on Sporcle, you need to verify the email address you used during registration. Go to your Sporcle Settings to finish the process.